Ленинград. 1940. Адресно-справочная книга

Dettagli Bibliografici
Altri autori: Быков П. (редактор)
Riassunto:Загл. обл.: "Ленинград. 1940".
Для служеб. пользования
Lingua:russo
Pubblicazione: Ленинград, Лениздат, 1940
Soggetti:
Natura: MixedMaterials Libro
KOHA link:https://koha.lib.tpu.ru/cgi-bin/koha/opac-detail.pl?biblionumber=261718

MARC

LEADER 00000nam0a2200000 4500
001 261718
005 20231031221745.0
010 |b 12000 экз. 
035 |a (RuTPU)RU\TPU\book\284699 
090 |a 261718 
100 |a 20140526d1940 m y0rusy50 ca 
101 0 |a rus 
102 |a RU 
105 |a a z 001zy 
200 1 |a Ленинград. 1940. Адресно-справочная книга  |f отв. ред. П. Быков 
210 |a Ленинград  |c Лениздат  |d 1940 
215 |a 96, 641, 248 с.  |c ил. 
300 |a Загл. обл.: "Ленинград. 1940". 
300 |a Для служеб. пользования 
320 |a Алф.-предм. указ.: с. 5-94 
320 |a Алфавитный указатель объявлений: с. 1-3. 
610 1 |a адресные книги 
610 1 |a справочные издания 
686 |a Я23  |2 rubbk 
702 1 |a Быков  |b П.  |4 340 
801 1 |a RU  |b 63413507  |c 20140526 
801 2 |a RU  |b 63413507  |c 20140526  |g RCR 
942 |c BK